000 00546nam a22001697a 4500
005 20251108165332.0
008 250721s1982 xx 000 0 ara d
082 1 4 _a928.4/ستن
100 1 _aرصاصي، محمود سيد
_eترجمة
245 1 0 _aستندال :
_bبقلمه /
264 1 _aبيروت :
_bالمؤسسة العربية للدراسات و النشر،
_c1982.
300 _a259ص
490 0 _aسلسلة أعلام الفكر العالمي
650 1 7 _aالأدب الفرنسي
942 _2ddc
_cBK
999 _c25385
_d25385